[Event "zonal 3.5 (w)"]
[Site "Tianjin CHN"]
[Date "2007.05.03"]
[Round "6.5"]
[White "Wan Yunguo"]
[Black "Liang Chong"]
[Result "1-0"]
[WhiteElo "2386"]
[BlackElo "2505"]
[EventDate "2007.04.28"]
[PlyCount "49"]

1.e4 e5 2.Nf3 Nc6 3.Bb5 a6 4.Ba4 Nf6 5.O-O b5 6.Bb3 Bb7 7.d3 Be7 8.Nc3 d6 
9.a4 Na5 10.Ba2 b4 11.Ne2 c5 12.Ng3 O-O 13.Nf5 Bc8 14.N3h4 b3 15.cxb3 Nc6 
16.b4 Nxb4 17.Bc4 d5 18.exd5 Nfxd5 19.Qg4 g6 20.Nxe7+ Qxe7 21.Qg3 Nb6 22.
Nxg6 hxg6 23.Qxg6+ Kh8 24.Qh6+ Kg8 25.Bg5 1-0

[Event "zonal 3.5 (w)"]
[Site "Tianjin CHN"]
[Date "2007.05.03"]
[Round "6.6"]
[White "Ding Liren"]
[Black "Wang Rui"]
[Result "1-0"]
[WhiteElo "2289"]
[BlackElo "2482"]
[EventDate "2007.04.28"]
[PlyCount "45"]

1.d4 d5 2.Nf3 Nf6 3.c4 c6 4.e3 Bf5 5.Nc3 e6 6.Nh4 Bg6 7.Qb3 Qc7 8.Bd2 Nbd7
9.Nxg6 hxg6 10.h3 Be7 11.Be2 a6 12.Rc1 Nb6 13.c5 Nbd7 14.f4 Nh5 15.Bxh5 
Rxh5 16.Qd1 Bh4+ 17.Kf1 Ke7 18.Qf3 Rah8 19.g3 Bxg3 20.Qxg3 g5 21.Ne2 Nf6 
22.fxg5 Qxg3 23.gxf6+ 1-0

[Event "zonal 3.5 (w)"]
[Site "Tianjin CHN"]
[Date "2007.05.03"]
[Round "6.7"]
[White "Wen Yang"]
[Black "Ju Wenjun"]
[Result "1/2-1/2"]
[WhiteElo "2475"]
[BlackElo "2345"]
[EventDate "2007.04.28"]
[PlyCount "147"]

1.e4 c5 2.Nf3 d6 3.d4 cxd4 4.Nxd4 Nf6 5.Nc3 a6 6.Be2 e5 7.Nb3 Be7 8.O-O 
O-O 9.Kh1 b6 10.Be3 Bb7 11.f3 b5 12.a4 b4 13.Nd5 Nxd5 14.exd5 Nd7 15.c3 
bxc3 16.bxc3 Bg5 17.Bf2 Qc7 18.c4 a5 19.c5 Nxc5 20.Nxc5 dxc5 21.d6 Qc8 22.
Qc2 Qe6 23.Qxc5 Rfc8 24.Qa3 Bd2 25.Be1 Bf4 26.Rd1 Bc6 27.Bb5 Qd7 28.Qd3 
Rab8 29.Bxa5 Bxb5 30.axb5 Rc5 31.Bc7 Rbxb5 32.Qe4 f5 33.Qa8+ Kf7 34.Qa4 
Ke6 35.Qa2+ Kf6 36.Rfe1 Kg6 37.g3 Bg5 38.Kg1 Rc3 39.f4 Bf6 40.fxe5 Rxe5 
41.Rxe5 Bxe5 42.Qd5 Bf6 43.Kg2 Rc2+ 44.Kh1 h5 45.Qf3 Be5 46.Qd5 Bf6 47.Qf3
Be5 48.Rf1 Qc6 49.Qxc6 Rxc6 50.Rd1 Kf6 51.Bb8 Rb6 52.d7 Rxb8 53.d8=Q+ Rxd8
54.Rxd8 f4 55.gxf4 Bxf4 56.Kg2 g5 57.h3 Kf5 58.Rf8+ Kg6 59.Kf3 Bd6 60.Ra8 
Be7 61.Ra6+ Kf5 62.Ra5+ Kg6 63.Ke4 g4 64.hxg4 hxg4 65.Kf4 Kf7 66.Rd5 Ke6 
67.Rd1 Bd6+ 68.Kxg4 Kd7 69.Rc1 Bc7 70.Kf5 Kd6 71.Ke4 Bb6 72.Kd3 Kd5 73.Rc8
Bc5 74.Rxc5+ 1/2-1/2

[Event "zonal 3.5 (w)"]
[Site "Tianjin CHN"]
[Date "2007.05.03"]
[Round "6.8"]
[White "Zhao Jun"]
[Black "Yu Lie"]
[Result "1-0"]
[WhiteElo "2554"]
[BlackElo "2325"]
[EventDate "2007.04.28"]
[PlyCount "177"]

1.e4 e6 2.d4 d5 3.Nc3 Nf6 4.Bg5 Be7 5.e5 Nfd7 6.h4 a6 7.Qg4 f5 8.Qh5+ g6 
9.Qh6 Bxg5 10.hxg5 Qe7 11.g4 c6 12.gxf5 exf5 13.Bg2 Qf8 14.Qh4 Qf7 15.Nge2
Nf8 16.Nf4 Be6 17.Qg3 Nbd7 18.Nd1 Qe7 19.c3 Bf7 20.Ne3 Ne6 21.Nxe6 Bxe6 
22.f4 Rg8 23.a4 Rg7 24.a5 Nf8 25.Qf2 Rd8 26.Nf1 Nd7 27.Ra3 Rc8 28.Ne3 Nf8 
29.Ra4 Qd7 30.Kd2 Qd8 31.Rha1 Rd7 32.Rb4 Qe7 33.Rb6 Rdc7 34.Rb4 Rd8 35.
Rba4 Rcd7 36.Rd1 Qg7 37.Rh1 Qe7 38.Bf1 Rc7 39.Bd3 Qd7 40.Bc2 Qe7 41.Qf1 
Qd7 42.Qa1 Qe7 43.Qa3 Qxa3 44.Rxa3 Bg8 45.Bd3 Ne6 46.Rh4 Kf8 47.Nc2 Kg7 
48.Ke3 Rcd7 49.Rb3 Bf7 50.Rb6 Rh8 51.Rh6 Rhd8 52.Be2 Rc8 53.Rh1 Rh8 54.Rh6
Rhd8 55.Nb4 Rc7 56.Nd3 Rcd7 57.Kd2 Rc8 58.Ke3 Rcd8 59.Nb4 Rc7 60.Bd3 Rdd7 
61.Rh1 Rd8 62.Bxa6 bxa6 63.Nxc6 Ra8 64.Nb4 Nd8 65.Ra1 Rb7 66.Nxa6 Rxb6 67.
axb6 Be8 68.Ra3 Bb5 69.Nc5 Rb8 70.Ra7+ Kg8 71.b3 Nc6 72.Rb7 Rxb7 73.Nxb7 
Kf8 74.Nd6 Ba6 75.c4 Ke7 76.Kd3 Kd7 77.Kc3 Ne7 78.c5 Nc8 79.b7 Bxb7 80.
Nxb7 Ne7 81.b4 Ng8 82.b5 h5 83.gxh6 Nxh6 84.Nd6 Ng8 85.Kb4 Kc7 86.Ne8+ Kb7
87.Nf6 Ne7 88.c6+ Kb6 89.Nd7+ 1-0

[Event "zonal 3.5 (w)"]
[Site "Tianjin CHN"]
[Date "2007.05.03"]
[Round "6.9"]
[White "Wei Chenpeng"]
[Black "Li Shilong"]
[Result "0-1"]
[WhiteElo "2343"]
[BlackElo "2552"]
[EventDate "2007.04.28"]
[PlyCount "104"]

1.e4 e6 2.d4 d5 3.Nc3 Nf6 4.Bg5 Be7 5.e5 Nfd7 6.Bxe7 Qxe7 7.f4 a6 8.Nf3 c5
9.dxc5 Nc6 10.Qd2 Nxc5 11.Bd3 b5 12.O-O O-O 13.Qf2 f5 14.exf6 gxf6 15.Kh1 
Bb7 16.Rae1 Rad8 17.a3 Kh8 18.Ne2 e5 19.Ned4 Ne4 20.Bxe4 dxe4 21.Nf5 Qe8 
22.N3h4 Nd4 23.c3 Ne6 24.fxe5 fxe5 25.Qg3 Qf7 26.Qxe5+ Qf6 27.Qxf6+ Rxf6 
28.Nd4 Rxf1+ 29.Rxf1 Nxd4 30.cxd4 Rxd4 31.Rf8+ Kg7 32.Nf5+ Kxf8 33.Nxd4 
Ke7 34.Kg1 Kd6 35.Kf2 e3+ 36.Kxe3 Bxg2 37.Nf5+ Ke5 38.Nd4 Kd5 39.Nf5 Kc4 
40.Kd2 Bh3 41.Ne3+ Kd4 42.b4 Ke4 43.Ke2 Be6 44.Nc2 Bc4+ 45.Kd2 h5 46.Ne3 
Be6 47.h4 Kf4 48.Kd3 Kg3 49.Kd4 Kxh4 50.Ke5 Bc8 51.Kf4 Kh3 52.Kg5 h4 0-1

[Event "zonal 3.5 (w)"]
[Site "Tianjin CHN"]
[Date "2007.05.04"]
[Round "6.10"]
[White "Wu Wenjin"]
[Black "Zhang Ziyang"]
[Result "1-0"]
[WhiteElo "2498"]
[BlackElo "2323"]
[EventDate "2007.04.28"]
[PlyCount "209"]

1.Nf3 Nf6 2.c4 c5 3.Nc3 Nc6 4.Nd5 e6 5.Nxf6+ Qxf6 6.g3 b6 7.Bg2 Bb7 8.O-O 
Be7 9.d3 O-O 10.e4 h6 11.Re1 d6 12.Rb1 e5 13.Nh4 Rad8 14.Bh3 Rfe8 15.Rf1 
Bf8 16.Ng2 g6 17.a3 b5 18.b3 Nd4 19.f4 exf4 20.Nxf4 Qe7 21.Rb2 Bg7 22.Rbf2
Rf8 23.Bb2 bxc4 24.bxc4 Bc6 25.Kh1 Kh7 26.Bg2 Rb8 27.Ba1 Rb6 28.h4 Rbb8 
29.Kh2 Be5 30.Bh3 a5 31.Qg4 Bxf4 32.Qxf4 Be8 33.h5 Rg8 34.Rb2 Rxb2+ 35.
Bxb2 gxh5 36.Bxd4 cxd4 37.Qf6 Qxf6 38.Rxf6 Rg6 39.Rf2 Kg7 40.Bf5 Rg5 41.
Rb2 Kf6 42.Rb6 Ke7 43.Rb7+ Kf6 44.Ra7 a4 45.Kh3 Rg8 46.Kh4 Rg5 47.Rc7 Rg8 
48.Rc8 Ke7 49.c5 dxc5 50.Rxc5 Kd6 51.Rd5+ Kc7 52.Rxd4 Bb5 53.Rd5 Bc6 54.
Re5 Kd6 55.Ra5 f6 56.d4 Bxe4 57.Bxe4 Rg4+ 58.Kxh5 Rxe4 59.Rxa4 Re3 60.g4 
Rg3 61.Ra6+ Ke7 62.d5 f5 63.a4 Rxg4 64.a5 Rd4 65.Ra8 Kd6 66.a6 Kc7 67.Rh8 
Kb6 68.Rxh6+ Ka7 69.Rd6 Ra4 70.Kg5 f4 71.Kg4 Rd4 72.Kf3 Ra4 73.Rc6 Rd4 74.
d6 Kb8 75.Kf2 Ka7 76.Ke2 Kb8 77.Kf3 Ka7 78.Kg4 Kb8 79.Kf5 f3 80.Ke6 f2 81.
Rc1 Ka7 82.d7 Rd2 83.Ke7 Re2+ 84.Kd6 Rd2+ 85.Kc7 Rc2+ 86.Rxc2 f1=Q 87.d8=Q
Qf4+ 88.Kc8 Qb8+ 89.Kd7 Qb5+ 90.Kc7 Qb6+ 91.Kd7 Qb5+ 92.Rc6 Qf5+ 93.Kc7 
Qb5 94.Qd4+ Ka8 95.Kd7 Qf5+ 96.Re6 Qf7+ 97.Kd6 Qc7+ 98.Kd5 Qd7+ 99.Ke5 
Qg7+ 100.Rf6 Qe7+ 101.Kf4 Qc7+ 102.Kf3 Qh7 103.Qe4+ Qb7 104.Rf7 Ka7 105.
Qxb7# 1-0

[Event "zonal 3.5 (w)"]
[Site "Tianjin CHN"]
[Date "2007.05.03"]
[Round "6.11"]
[White "Du Shan"]
[Black "Wang Chen"]
[Result "0-1"]
[WhiteElo "2399"]
[BlackElo "2249"]
[EventDate "2007.04.28"]
[PlyCount "124"]

1.d4 d5 2.Nf3 Nf6 3.e3 g6 4.Bd3 Bg7 5.O-O O-O 6.Ne5 Ne4 7.c4 c6 8.Nc3 Nxc3
9.bxc3 Qa5 10.cxd5 Bxe5 11.dxe5 Qxc3 12.Rb1 Qxe5 13.dxc6 Nxc6 14.Bb2 Qd6 
15.Qb3 Be6 16.Qc3 f6 17.Ba3 Qc7 18.Rb2 Rac8 19.Rc1 Rfd8 20.Bc4 Bxc4 21.
Qxc4+ Kg7 22.Rbc2 Rd7 23.h4 Rcd8 24.Qg4 Rd5 25.Bb2 Qd7 26.Qxd7 R8xd7 27.
Bc3 Rd1+ 28.Rxd1 Rxd1+ 29.Kh2 Kf7 30.Rb2 b6 31.Rc2 Nd8 32.a4 Rd5 33.Bb4 
Ne6 34.g3 a5 35.Be1 Nc5 36.Rc4 Nd3 37.e4 Rc5 38.Rxc5 Nxc5 39.Kg2 Nxa4 40.
Kf3 Nc5 41.Ke3 Ke6 42.Kd4 Kd6 43.f4 Kc6 44.f5 e5+ 45.Ke3 gxf5 46.exf5 Kd5 
47.g4 Ne4 48.Kd3 h6 49.Ke3 Nd6 50.Kd3 a4 51.Bb4 b5 52.Ba3 Nc4 53.Bb4 a3 
54.Bc3 a2 55.Ba1 b4 56.Kc2 Ne3+ 57.Kb3 Nxg4 58.Kxb4 Ke4 59.Kb3 Kxf5 60.
Kxa2 Ke4 61.Kb1 Kd3 62.Kc1 Ke2 0-1

[Event "zonal 3.5 (w)"]
[Site "Tianjin CHN"]
[Date "2007.05.03"]
[Round "6.12"]
[White "Yu Yangyi"]
[Black "Li Haoyu"]
[Result "1/2-1/2"]
[WhiteElo "2204"]
[BlackElo "2285"]
[EventDate "2007.04.28"]
[PlyCount "138"]

1.e4 c5 2.Nf3 Nc6 3.d4 cxd4 4.Nxd4 Nf6 5.Nc3 e5 6.Ndb5 d6 7.Bg5 a6 8.Na3 
b5 9.Bxf6 gxf6 10.Nd5 f5 11.Bd3 Be6 12.O-O Bxd5 13.exd5 Ne7 14.c3 Bg7 15.
Qh5 e4 16.Bc2 Qc8 17.Rad1 O-O 18.Bb1 Re8 19.Kh1 Qc5 20.Nc2 Nxd5 21.Qxf5 
Nb6 22.Ne3 Qxf5 23.Nxf5 d5 24.f3 e3 25.Rfe1 Nc4 26.Rxd5 Rad8 27.Rxd8 Rxd8 
28.Nxg7 Kxg7 29.b3 Nb2 30.Kg1 Nd1 31.c4 Nc3 32.Bf5 e2 33.a3 bxc4 34.bxc4 
Rd4 35.c5 Rc4 36.Bd3 Rxc5 37.Bxa6 Ra5 38.Bxe2 Nxe2+ 39.Rxe2 Rxa3 40.Kf2 h6
41.g4 Ra4 42.Kg3 Rb4 43.Ra2 Rc4 44.h4 Rb4 45.Re2 Ra4 46.Re4 Ra5 47.Kf4 Rb5
48.h5 Kf6 49.Rd4 Ra5 50.Rd6+ Kg7 51.Ke4 Ra1 52.f4 Rh1 53.Kf5 Rh2 54.Rd3 
Rh1 55.Re3 Rh2 56.Ke4 Rh1 57.Kf3 Kf6 58.Rd3 Rh3+ 59.Ke4 Rh4 60.Rg3 Kg7 61.
Ke5 Rh1 62.Rf3 Rg1 63.Kf5 Rh1 64.Rg3 Rh2 65.Ra3 Rh1 66.Ra4 Rh2 67.Re4 Rh1 
68.Ke5 Ra1 69.Rd4 Re1+ 1/2-1/2

[Event "zonal 3.5 (w)"]
[Site "Tianjin CHN"]
[Date "2007.05.03"]
[Round "6.13"]
[White "Wang Yu"]
[Black "Lin Yi"]
[Result "1-0"]
[WhiteElo "2384"]
[BlackElo "2226"]
[EventDate "2007.04.28"]
[PlyCount "67"]

1.e4 c5 2.Nf3 e6 3.d4 cxd4 4.Nxd4 Nc6 5.Nc3 Qc7 6.f4 a6 7.Nxc6 bxc6 8.Bd3 
d5 9.O-O Nf6 10.Qe2 Be7 11.Kh1 O-O 12.e5 Nd7 13.Na4 c5 14.c4 Bb7 15.Bd2 
Bc6 16.Nc3 Rfe8 17.Rac1 Bf8 18.b3 f6 19.cxd5 exd5 20.e6 Nb6 21.Qg4 Qe7 22.
Qh3 f5 23.Qxf5 g6 24.Qh3 Qxe6 25.f5 Qd7 26.Qh4 Qg7 27.fxg6 hxg6 28.Qf6 
Rac8 29.Bxa6 Rc7 30.Nb5 Bxb5 31.Bxb5 Nd7 32.Qg5 Re5 33.Qd8 Ra7 34.Bxd7 1-0

[Event "zonal 3.5 (w)"]
[Site "Tianjin CHN"]
[Date "2007.05.03"]
[Round "6.14"]
[White "Wu Kaiyu"]
[Black "Wang Li"]
[Result "0-1"]
[WhiteElo "2287"]
[BlackElo "2337"]
[EventDate "2007.04.28"]
[PlyCount "86"]

1.e4 c5 2.Nf3 e6 3.c3 d5 4.exd5 Qxd5 5.d4 Nf6 6.a3 Be7 7.Be3 cxd4 8.cxd4 
Nc6 9.Nc3 Qd6 10.Bd3 O-O 11.O-O b6 12.Qe2 Bb7 13.Rad1 Rad8 14.Rfe1 Rfe8 
15.Bg5 g6 16.Bb5 Qb8 17.Ne5 Nxd4 18.Rxd4 Rxd4 19.Nxf7 Rf8 20.Nh6+ Kg7 21.
Qxe6 Bd8 22.Qe3 Qd6 23.Bf1 Bc6 24.Ne2 Re4 25.Qc1 Qc5 26.Nf5+ gxf5 27.Bh6+ 
Kf7 28.Bxf8 Kxf8 29.Qh6+ Kf7 30.Rc1 Qd6 31.Ng3 Re5 32.Nh5 Ke8 33.b4 Kd7 
34.Qg7+ Be7 35.Nf4 Re4 36.Nd3 Rg4 37.Qh6 Bxg2 38.Bxg2 Qxd3 39.Kh1 Qd4 40.
Bf3 Rh4 41.Qg5 Rxh2+ 42.Kxh2 Ng4+ 43.Qxg4 fxg4 0-1

[Event "zonal 3.5 (w)"]
[Site "Tianjin CHN"]
[Date "2007.05.03"]
[Round "6.15"]
[White "Ji Dan"]
[Black "Zhang Xiaowen"]
[Result "1/2-1/2"]
[WhiteElo "2246"]
[BlackElo "2203"]
[EventDate "2007.04.28"]
[PlyCount "65"]

1.e4 e6 2.d3 d5 3.Nd2 Nf6 4.Ngf3 Be7 5.g3 c5 6.Bg2 Nc6 7.O-O O-O 8.Re1 b5 
9.a4 b4 10.e5 Ne8 11.Nb3 f5 12.exf6 Nxf6 13.Bh3 e5 14.Bxc8 Qxc8 15.Nxe5 
Nxe5 16.Rxe5 Bd6 17.Re2 Qh3 18.Qf1 Qh5 19.h3 Bxg3 20.fxg3 Ne4 21.Qg2 Nxg3 
22.Re1 Rae8 23.Be3 Rf6 24.Kh2 Rg6 25.Qd2 Qf3 26.Qg2 Nf1+ 27.Qxf1 Qg3+ 28.
Kh1 Rf8 29.Qxf8+ Kxf8 30.Bxc5+ Kf7 31.Re7+ Kg8 32.Re8+ Kf7 33.Re7+ 1/2-1/2

[Event "zonal 3.5 (w)"]
[Site "Tianjin CHN"]
[Date "2007.05.03"]
[Round "6.16"]
[White "Lou Yiping"]
[Black "Gu Xiaobing"]
[Result "1-0"]
[WhiteElo "2268"]
[BlackElo "2351"]
[EventDate "2007.04.28"]
[PlyCount "85"]

1.d4 d5 2.c4 e6 3.Nf3 Nf6 4.Nc3 Nbd7 5.Bf4 dxc4 6.e3 Nb6 7.Bxc4 Nxc4 8.
Qa4+ Bd7 9.Qxc4 Bc6 10.Ne5 Bxg2 11.Rg1 Bh3 12.Qb5+ Nd7 13.O-O-O Bf5 14.e4 
Bg6 15.d5 exd5 16.Qxb7 Rb8 17.Qxd5 Nxe5 18.Qxe5+ Qe7 19.Qd5 Qe6 20.Bxc7 
Qxd5 21.exd5 Rc8 22.d6 Kd7 23.Rge1 Bf5 24.Re5 g6 25.Rd4 Bh6+ 26.Kd1 Rhe8 
27.Rxe8 Rxe8 28.Ra4 Re5 29.Rxa7 Bg4+ 30.Kc2 Rf5 31.Bb8+ Kd8 32.Ne4 Rf4 33.
Bc7+ Kd7 34.Bb8+ Kd8 35.Bc7+ Kd7 36.Nc5+ Kc6 37.Nd3 Re4 38.Ra6+ Kd5 39.
Ra5+ Kc6 40.Ne5+ Kb7 41.Rb5+ Ka6 42.Rb6+ Ka7 43.Nc6+ 1-0

[Event "zonal 3.5 (w)"]
[Site "Tianjin CHN"]
[Date "2007.05.03"]
[Round "6.17"]
[White "Jia Haoxiang"]
[Black "Ding Yixin"]
[Result "1-0"]
[WhiteElo "2198"]
[BlackElo "2278"]
[EventDate "2007.04.28"]
[PlyCount "89"]

1.Nf3 Nf6 2.g3 g6 3.Bg2 Bg7 4.c4 O-O 5.Nc3 d6 6.O-O Nbd7 7.d4 c6 8.Bg5 h6 
9.Bxf6 Bxf6 10.Qd2 Kh7 11.Rad1 Bg7 12.h4 Qa5 13.a3 Nb6 14.Qd3 Bf5 15.e4 
Bg4 16.Rc1 c5 17.d5 Nd7 18.Rfe1 Qa6 19.Qf1 Nb6 20.Nh2 Bd7 21.Nd1 Na4 22.b3
Nb2 23.a4 Qa5 24.Nxb2 Bxb2 25.Rc2 Bg7 26.Nf3 a6 27.e5 Bf5 28.Rcc1 Qb4 29.
Re3 Rfb8 30.Bh3 Bxh3 31.Qxh3 b5 32.exd6 exd6 33.Qd7 bxa4 34.bxa4 Qb2 35.
Rce1 Qf6 36.Kg2 Rd8 37.Qc6 Qf5 38.Rb3 g5 39.hxg5 hxg5 40.Rb7 Bf6 41.Rxf7+ 
Kg6 42.Qc7 Rh8 43.Rxf6+ Qxf6 44.Re6 Rad8 45.Qe7 1-0

[Event "zonal 3.5 (w)"]
[Site "Tianjin CHN"]
[Date "2007.05.03"]
[Round "6.18"]
[White "Wang Jiaquan"]
[Black "An Zhixiao"]
[Result "0-1"]
[WhiteElo "2276"]
[BlackElo "2169"]
[EventDate "2007.04.28"]
[PlyCount "78"]

1.e4 c5 2.Nf3 d6 3.d4 cxd4 4.Nxd4 Nf6 5.Nc3 Nc6 6.Be2 e5 7.Nf3 h6 8.O-O 
Be7 9.Re1 O-O 10.h3 Be6 11.Bf1 Qa5 12.Bd2 Qd8 13.a4 Rc8 14.Nb5 a6 15.Na3 
Nb8 16.c4 Nbd7 17.b4 b6 18.Re3 Rc7 19.Bd3 Nh5 20.Nxe5 Nxe5 21.Qxh5 Bg5 22.
Qe2 Bxe3 23.Bxe3 Rc8 24.f4 Nxd3 25.Qxd3 f5 26.Rd1 fxe4 27.Qxe4 Re8 28.Qd4 
d5 29.c5 bxc5 30.bxc5 Bf7 31.Nc2 Qa5 32.f5 Re4 33.Qb2 Qxa4 34.Bd4 Re2 35.
Rc1 Qa5 36.Qb7 Rce8 37.Nb4 Qa3 38.Rf1 Qg3 39.Bf2 Rxf2 0-1

[Event "zonal 3.5 (w)"]
[Site "Tianjin CHN"]
[Date "2007.05.03"]
[Round "6.19"]
[White "Wang Xiaohui"]
[Black "Tian Bohan"]
[Result "0-1"]
[WhiteElo "2190"]
[BlackElo "2249"]
[EventDate "2007.04.28"]
[PlyCount "78"]

1.d4 d5 2.c4 c6 3.Nf3 e6 4.e3 Bd6 5.Nc3 f5 6.b3 Nf6 7.Bb2 O-O 8.Bd3 Ne4 9.
O-O Nd7 10.Ne2 Qf6 11.a4 b6 12.Ba3 Bxa3 13.Rxa3 Bb7 14.a5 c5 15.Qc2 Kh8 
16.Rfa1 dxc4 17.bxc4 Nd6 18.axb6 axb6 19.Rxa8 Bxa8 20.Ra7 Bc6 21.Qa2 Rd8 
22.Qa1 h6 23.Ne1 Kh7 24.Nf4 cxd4 25.exd4 Kg8 26.h3 g5 27.Nh5 Qf8 28.d5 
exd5 29.cxd5 Bb7 30.Ba6 Bxa6 31.Qxa6 Qf7 32.Qe2 Re8 33.Qd1 Re7 34.Nd3 Ne4 
35.Ra8+ Re8 36.Rxe8+ Qxe8 37.Nb4 Nc3 38.Qf3 Qe1+ 39.Kh2 Ne2 0-1

[Event "zonal 3.5 (w)"]
[Site "Tianjin CHN"]
[Date "2007.05.04"]
[Round "7.1"]
[White "Wang Hao"]
[Black "Bu Xiangzhi"]
[Result "0-1"]
[WhiteElo "2638"]
[BlackElo "2656"]
[EventDate "2007.04.28"]
[PlyCount "106"]

1.e4 e5 2.Nf3 Nf6 3.Nxe5 d6 4.Nf3 Nxe4 5.d4 d5 6.Bd3 Be7 7.O-O Nc6 8.c4 
Nb4 9.Be2 O-O 10.Nc3 Bf5 11.a3 Nxc3 12.bxc3 Nc6 13.cxd5 Qxd5 14.Re1 Bf6 
15.Bf4 Na5 16.Qa4 b6 17.Ne5 c5 18.Bg4 Bxg4 19.Nxg4 Qf5 20.Nxf6+ Qxf6 21.
dxc5 Rfc8 22.cxb6 axb6 23.Be5 Qg6 24.Qb5 Rc5 25.Qd7 Qc6 26.Qg4 f6 27.Bf4 
Qc8 28.Qf3 Qc6 29.Qg4 Qc8 30.Qd1 Nc4 31.Re7 Qf5 32.Qf3 Rd8 33.Qb7 Rcd5 34.
Rxg7+ Kh8 35.g4 R5d7 36.gxf5 Rxg7+ 37.Qxg7+ Kxg7 38.Re1 Kf7 39.a4 Rd3 40.
Re6 Rf3 41.Bc7 Rxf5 42.Rc6 Nb2 43.Bxb6 Nxa4 44.Rc7+ Ke6 45.Bd4 h5 46.c4 
Rf4 47.Ba7 Re4 48.Kg2 Nb2 49.c5 Nd3 50.Rc6+ Kf5 51.Bb8 Rc4 52.Bd6 Rc2 53.
Be7 Nf4+ 0-1

[Event "zonal 3.5 (w)"]
[Site "Tianjin CHN"]
[Date "2007.05.04"]
[Round "7.2"]
[White "Xiu Deshun"]
[Black "Zhang Pengxiang"]
[Result "1/2-1/2"]
[WhiteElo "2289"]
[BlackElo "2657"]
[EventDate "2007.04.28"]
[PlyCount "147"]

1.d4 d5 2.c4 dxc4 3.Nf3 c6 4.e3 Be6 5.a4 Nf6 6.Na3 Bd5 7.Bxc4 e6 8.O-O 
Bxa3 9.Bxd5 exd5 10.Rxa3 Nbd7 11.a5 a6 12.Bd2 O-O 13.Bb4 Re8 14.Nd2 Re6 
15.Re1 Qc7 16.f3 Rae8 17.Nf1 g6 18.g4 Rc8 19.Rc3 Ne8 20.Ng3 Nd6 21.e4 Nb5 
22.Rd3 Rce8 23.Qc1 Qd8 24.e5 c5 25.Bxc5 Qxa5 26.b4 Qa4 27.f4 Nxc5 28.bxc5 
Nxd4 29.Qd1 Qxd1 30.Rexd1 Nb5 31.g5 Kf8 32.Ne2 Rc6 33.Rxd5 Nc7 34.Rd6 Rxc5
35.Rb6 Rb5 36.Rxb5 Nxb5 37.Rd7 Re7 38.Rd8+ Re8 39.Rd7 b6 40.Rb7 Re6 41.Ng3
Nc3 42.Rb8+ Ke7 43.f5 gxf5 44.Nxf5+ Kd7 45.Rb7+ Kc6 46.Rxf7 Rxe5 47.Nd4+ 
Kd5 48.Nf3 Re4 49.Rxh7 a5 50.Ra7 Rg4+ 51.Kf2 Ne4+ 52.Ke3 Nxg5 53.Rd7+ Kc5 
54.Rc7+ Kb5 55.Rg7 Re4+ 56.Kd3 Ne6 57.Kxe4 Nxg7 58.Kd3 Kb4 59.Kc2 b5 60.h4
Nh5 61.Kb2 Nf4 62.Nd2 a4 63.Nb1 Kc5 64.Ka3 Nh5 65.Nd2 Nf6 66.Nf3 Kc4 67.
Ne5+ Kc3 68.Nc6 Nh5 69.Nb4 Nf4 70.Nc6 Kc4 71.Nb4 Nd5 72.h5 Nf6 73.h6 Nh7 
74.Na2 1/2-1/2

[Event "zonal 3.5 (w)"]
[Site "Tianjin CHN"]
[Date "2007.05.04"]
[Round "7.4"]
[White "Zhou Jianchao"]
[Black "Wan Yunguo"]
[Result "1-0"]
[WhiteElo "2572"]
[BlackElo "2386"]
[EventDate "2007.04.28"]
[PlyCount "105"]

1.c4 Nf6 2.Nc3 g6 3.g3 Bg7 4.Bg2 O-O 5.e4 c5 6.Nge2 Nc6 7.d3 a6 8.a4 d6 9.
O-O Bd7 10.h3 Ne8 11.Be3 Nc7 12.d4 cxd4 13.Nxd4 Ne6 14.Nde2 Nc5 15.b3 Qa5 
16.Bd2 Qb6 17.Rb1 f5 18.Be3 Qa5 19.e5 Bxe5 20.Bxc6 Bxc3 21.Bd5+ e6 22.Nxc3
Qxc3 23.Bg2 Nd3 24.Bd2 Qd4 25.Qc2 Ne5 26.Be3 Qd3 27.Qxd3 Nxd3 28.Rfd1 Nb4 
29.Rxd6 Bc6 30.Rxe6 Rfe8 31.Rd6 Rad8 32.Rbd1 Rxd6 33.Rxd6 Bxg2 34.Kxg2 Nc6
35.Rd7 Re7 36.Rxe7 Nxe7 37.Bd4 Kf7 38.h4 Nc6 39.Bc3 Nd8 40.Kf3 Ne6 41.b4 
Ke7 42.Ke3 Kd6 43.Bd4 Kc6 44.b5+ Kd6 45.Kd3 g5 46.hxg5 Nxg5 47.c5+ Kd7 48.
Kc4 axb5+ 49.axb5 h5 50.Be3 Nf3 51.Kd5 h4 52.gxh4 Nxh4 53.Ke5 1-0

[Event "zonal 3.5 (w)"]
[Site "Tianjin CHN"]
[Date "2007.05.04"]
[Round "7.5"]
[White "Wu Wenjin"]
[Black "Ding Liren"]
[Result "0-1"]
[WhiteElo "2498"]
[BlackElo "2289"]
[EventDate "2007.04.28"]
[PlyCount "54"]

1.d4 Nf6 2.c4 g6 3.Nc3 Bg7 4.Bf4 O-O 5.Qd2 d6 6.Bh6 e5 7.Bxg7 Kxg7 8.dxe5 
dxe5 9.O-O-O Qe7 10.e3 Be6 11.Nf3 Nc6 12.Nd5 Bxd5 13.cxd5 Nb4 14.Bc4 Rad8 
15.Nxe5 Nbxd5 16.Nd3 Nb6 17.Qc3 Rd6 18.b3 Rfd8 19.Nb2 Kg8 20.f3 Nbd5 21.
Qe1 Nxe3 22.Rxd6 Rxd6 23.Kb1 Qe5 24.a4 Qf5+ 25.Ka2 Nxc4 26.Nxc4 Qc2+ 27.
Ka3 Rd3 0-1

[Event "zonal 3.5 (w)"]
[Site "Tianjin CHN"]
[Date "2007.05.04"]
[Round "7.6"]
[White "Wang Chen"]
[Black "Zhao Jun"]
[Result "1-0"]
[WhiteElo "2249"]
[BlackElo "2554"]
[EventDate "2007.04.28"]
[PlyCount "67"]

1.e4 c5 2.Nf3 Nc6 3.Bb5 Nf6 4.e5 Nd5 5.O-O Nc7 6.Be2 g6 7.c3 Bg7 8.d4 cxd4
9.cxd4 d6 10.Bf4 dxe5 11.dxe5 Qxd1 12.Rxd1 O-O 13.h3 Be6 14.Nc3 Rfd8 15.
Bg3 h6 16.Rac1 g5 17.Bd3 Nd5 18.a3 Nxc3 19.Rxc3 g4 20.hxg4 Bxg4 21.Re1 
Bxf3 22.gxf3 e6 23.f4 f5 24.Kg2 Rac8 25.Rec1 Rb8 26.Bc4 Kf7 27.Bb5 Ne7 28.
Rc7 Rd2 29.Bh4 Bf8 30.Rxe7+ Bxe7 31.Rc7 Rg8+ 32.Kf3 Rxb2 33.Rxe7+ Kg6 34.
Be8+ 1-0

[Event "zonal 3.5 (w)"]
[Site "Tianjin CHN"]
[Date "2007.05.04"]
[Round "7.7"]
[White "Li Shilong"]
[Black "Wen Yang"]
[Result "0-1"]
[WhiteElo "2552"]
[BlackElo "2475"]
[EventDate "2007.04.28"]
[PlyCount "100"]

1.e4 c5 2.Nf3 Nc6 3.d4 cxd4 4.Nxd4 Qc7 5.Nc3 e6 6.Be3 a6 7.Bd3 Nf6 8.O-O 
Ne5 9.Nf3 Nfg4 10.Nxe5 Nxe3 11.Qh5 g6 12.Qf3 Qxe5 13.fxe3 f6 14.Qxf6 Qxf6 
15.Rxf6 Bg7 16.Rf3 b5 17.Raf1 Bb7 18.Nd1 Rf8 19.Rh3 Rxf1+ 20.Kxf1 h6 21.
Rg3 Kf7 22.Rf3+ Ke7 23.Ke2 Be5 24.c3 Bc6 25.Nf2 a5 26.Rh3 Rh8 27.a3 g5 28.
g4 Bg7 29.Nd1 Rb8 30.Rf3 b4 31.axb4 axb4 32.c4 Ra8 33.Rf2 Ra1 34.Kd2 Ba4 
35.Bc2 Bxc2 36.Kxc2 b3+ 37.Kd2 Rb1 38.Ke1 Rc1 39.Rd2 Rxc4 40.Nf2 Be5 41.
Nd3 Bc7 42.Re2 Rxe4 43.h3 Bb6 44.Kd2 Ba5+ 45.Kd1 Ra4 46.Nc1 Ra1 47.e4 Bc7 
48.e5 Rb1 49.Re3 Rxb2 50.Nxb3 Bxe5 0-1

[Event "zonal 3.5 (w)"]
[Site "Tianjin CHN"]
[Date "2007.05.04"]
[Round "7.8"]
[White "Ju Wenjun"]
[Black "Wang Yu"]
[Result "1/2-1/2"]
[WhiteElo "2345"]
[BlackElo "2384"]
[EventDate "2007.04.28"]
[PlyCount "37"]

1.c4 c6 2.d4 d5 3.Nf3 Nf6 4.Nc3 dxc4 5.a4 Bf5 6.Ne5 e6 7.e3 Nbd7 8.Nxd7 
Qxd7 9.Bxc4 Rd8 10.O-O Bd6 11.Qe2 Qc7 12.h3 Ne4 13.Bd3 Nxc3 14.bxc3 Bxd3 
15.Qxd3 e5 16.Ba3 O-O 17.Bxd6 Rxd6 18.Rfc1 Re8 19.Qc4 1/2-1/2

[Event "zonal 3.5 (w)"]
[Site "Tianjin CHN"]
[Date "2007.05.04"]
[Round "7.9"]
[White "Yu Lie"]
[Black "Li Chao"]
[Result "0-1"]
[WhiteElo "2325"]
[BlackElo "2525"]
[EventDate "2007.04.28"]
[PlyCount "108"]

1.d4 Nf6 2.Bg5 d5 3.e3 Nbd7 4.Nd2 g6 5.Ngf3 Bg7 6.Bd3 O-O 7.c3 c5 8.O-O b6
9.Qe2 Bb7 10.Bf4 Ne4 11.Ba6 Bxa6 12.Qxa6 Nxd2 13.Nxd2 Qc8 14.Qd3 Qc6 15.
Rad1 a5 16.Rfe1 Rfd8 17.Nf3 Rac8 18.h4 b5 19.e4 dxe4 20.Rxe4 Nf6 21.Rxe7 
Nd5 22.dxc5 Bf6 23.Ne5 Qa8 24.Re8+ Rxe8 25.Qxd5 Qxd5 26.Rxd5 b4 27.c4 a4 
28.b3 Bxe5 29.Bxe5 f6 30.Bxf6 Re2 31.Rd7 Rxa2 32.Rg7+ Kf8 33.Rb7 a3 34.
Rxb4 Kf7 35.Be5 Rxc5 36.Bd4 Ra5 37.Rb7+ Ke6 38.Rb6+ Kd7 39.Rb7+ Kc8 40.
Rxh7 Rd2 41.Bc3 a2 42.g3 Rf5 43.Ra7 Rdxf2 44.g4 Rf1+ 45.Kg2 R5f2+ 46.Kg3 
Rf3+ 47.Kg2 R1f2+ 48.Kg1 Rc2 49.Bg7 Rg3+ 50.Kf1 Rxb3 51.Re7 Rb1+ 52.Re1 
Rxc4 53.h5 gxh5 54.gxh5 Rf4+ 0-1

[Event "zonal 3.5 (w)"]
[Site "Tianjin CHN"]
[Date "2007.05.04"]
[Round "7.10"]
[White "Liang Chong"]
[Black "Lou Yiping"]
[Result "1/2-1/2"]
[WhiteElo "2505"]
[BlackElo "2268"]
[EventDate "2007.04.28"]
[PlyCount "59"]

1.d4 Nf6 2.c4 g6 3.Nc3 d5 4.cxd5 Nxd5 5.e4 Nxc3 6.bxc3 Bg7 7.Bc4 c5 8.Ne2 
Nc6 9.Be3 O-O 10.O-O Bd7 11.Rb1 Qc7 12.Bf4 Qc8 13.Bg3 b6 14.Qd3 Na5 15.Ba6
Qc6 16.Bb5 Qc8 17.Ba6 Qc6 18.dxc5 Bc8 19.Bxc8 Rfxc8 20.cxb6 axb6 21.Rb4 e5
22.f4 exf4 23.Nxf4 Qxc3 24.Qb1 Qd2 25.Kh1 Nc4 26.Nd5 Ne3 27.Nxe3 Qxe3 28.
Rxb6 Qd2 29.Rd6 Qxa2 30.Qxa2 1/2-1/2

[Event "zonal 3.5 (w)"]
[Site "Tianjin CHN"]
[Date "2007.05.04"]
[Round "7.11"]
[White "Wang Rui"]
[Black "Yu Yangyi"]
[Result "0-1"]
[WhiteElo "2482"]
[BlackElo "2204"]
[EventDate "2007.04.28"]
[PlyCount "116"]

1.d4 d5 2.c4 dxc4 3.Nf3 Nf6 4.Qa4+ c6 5.Qxc4 Bf5 6.g3 Nbd7 7.Bg2 e6 8.O-O 
Be7 9.Nc3 O-O 10.Re1 Ne4 11.Qb3 Qb6 12.Nh4 Bxh4 13.gxh4 Nxc3 14.bxc3 e5 
15.e4 Bg6 16.Be3 Qc7 17.Rad1 Rfe8 18.f3 b6 19.Bf2 Bh5 20.Bg3 Qb7 21.Rd2 c5
22.dxe5 Nxe5 23.Bxe5 Rxe5 24.f4 Ree8 25.e5 Bf3 26.Re3 Bxg2 27.Rxg2 Rad8 
28.Reg3 g6 29.Qc2 Qd5 30.h3 Qd1+ 31.Kh2 Qxc2 32.Rxc2 Rd1 33.h5 Kf8 34.hxg6
hxg6 35.Rgg2 Ke7 36.Rcf2 Rd3 37.Rg3 Red8 38.f5 gxf5 39.Rxf5 Rd2+ 40.Rg2 
R8d3 41.h4 Rxg2+ 42.Kxg2 Rxc3 43.h5 Rc2+ 44.Kg3 Rxa2 45.h6 Rd2 46.Rf6 Rd1 
47.Kg2 Rd5 48.h7 Rd8 49.Kf3 Rh8 50.Rh6 Kf8 51.Rc6 Rxh7 52.Rc7 Rh5 53.Kf4 
Rh6 54.Ke4 a5 55.Kd5 Re6 56.Rd7 Kg7 57.Rd6 a4 58.Rd7 b5 0-1